000 00485nam a2200193Ia 4500
005 20250423094604.0
008 250422s9999 xx 000 0 und d
020 _a9788131236017
050 _aQP 514.2 .S28/
100 _aSatyanarayana, U.
245 0 _aBiochemistry with clinical concepts & case studies
250 _a4th ed.
260 _aNew Delhi
260 _bBooks and Allied Ltd
260 _c2015
300 _a799 p
650 _a Biochemistry
942 _cBK
999 _c27692
_d27692